Krutohlav 2000 zborník z 10. ročníka literárnej súťaže Cena Gustáva Reussa za rok 2000

Bibliographic Details
Corporate Author: Cena Gustáva Reussa Slovensko (Author)
Other Authors: Herec, Ondrej, 1944-2020 (Compiler), Dubnický, Milan (Illustrator)
Format: Conference Proceeding Book
Language:Slovak
PhysicalDescription:151 s. ilustr. 21 cm
Published: Bratislava Národné osvetové centrum 2001
ISBN:8071212067
Series:Krutohlav
Subjects:

MARC

LEADER 00000nam a2200000 a 4500
001 vtls001419615
003 SK-MaSNL
005 20260302035245.0
008 240226s2001 xo a ra slo
015 |a SNBA2001/11-03891 
020 |a 8071212067 
035 |a SNK000374439 
035 |a urn:nbn:sk:snk-amknb5 
035 |a urn:nbn:sk:snk-am003c4z 
035 |a A678A3A8-0DEC-49DB-BD82-AD777DB5615A 
040 |a SNK  |b slo  |c SNK  |e AACR2 
041 0 |a slo 
044 |a xo  |c SK 
072 7 |a 821.162.4-3  |x Slovenská próza  |2 konspekt 
072 7 |a 82:06  |x Literárne organizácie, súťaže  |2 konspekt 
080 |a 821.162.4-32  |2 1981 
080 |a 82:06.063  |2 1981 
080 |a (0:82-312.9)  |2 1981 
080 |a (082.2)  |2 1981 
080 |a (437.6)  |2 1981 
111 2 |a Cena Gustáva Reussa  |n (10. :  |d 2000 :  |c Slovensko)  |4 aut  |9 687925 
245 1 0 |a Krutohlav 2000  |b zborník z 10. ročníka literárnej súťaže Cena Gustáva Reussa za rok 2000  |c [zostavovateľ: Ondrej Herec] 
260 |a Bratislava  |b Národné osvetové centrum  |c 2001 
300 |a 151 s.  |b ilustr.  |c 21 cm 
490 1 |a Krutohlav  |v zv. 9 
500 |a Ilustr. na tit. strane 
500 |a Údaj o zost. prevzatý z rubu tit. strany 
500 |a Ilustr. Milan Dubnický 
650 0 7 |a vedecko-fantastické poviedky  |2 SNKPH  |9 528499 
650 0 7 |a literárne súťaže  |2 SNKPH  |9 4275 
655 7 |a slovenské poviedky  |2 SNKPH  |9 70226 
655 7 |a antológie  |2 SNKPH  |9 70414 
700 1 |a Herec, Ondrej,  |d 1944-2020  |4 com  |9 105636 
700 1 |a Dubnický, Milan  |4 ill  |9 8640 
710 2 |a Slovenský syndikát autorov fantastiky  |4 pbl  |9 34511 
830 0 |a Krutohlav  |9 395062 
919 |a 80-7121-206-7 
958 |a OND 
958 |a TL 
958 |a LX 
999 |c 1069921  |d 1071851 
952 |t P60, <03>, [BOOK], {603}  |a SNK  |b SNK  |y PREZ  |7 0  |p 17A0314574  |o snkSC 105896  |i snkKSP 10530/2001  |0 0  |1 0  |4 0  |d 2001-09-07  |f 1  |l 0  |r 2025-09-26 00:00:00  |w 2026-02-24 
952 |t P60, <04>, [BOOK], {604}  |a SNK  |b SNK  |y VYP  |7 0  |p 17A0314575  |o snkSC 105896 D1  |i snkKSP 10531/2001  |0 0  |1 0  |4 0  |d 2001-09-07  |l 0  |r 2005-01-02 00:00:00  |w 2026-02-24